Features on Don Toliver Albums - Statistics

General Stats
  • This quiz has been taken 168 times
  • The average score is 23 of 34
Answer Stats
Song Answer % Correct
Euphoria Travis Scott
99%
Flocky Flocky Travis Scott
99%
You Travis Scott
99%
Embarrassed Travis Scott
99%
ICE AGE Travis Scott
99%
INSIDE Travis Scott
99%
Future
93%
PURPLE RAIN Future
93%
Private Landing Justin Bieber
87%
BROTHER STONE Kodak Black
81%
Luckily I'm Having Teezo Touchdown
80%
BACKSTREETS Teezo Touchdown
80%
Had Enough Quavo
79%
Drugs N Hella Melodies Kali Uchis
78%
4 Me Kali Uchis
78%
GEEKED UP Yeat
72%
Metro Boomin
67%
DONNY DARKO Lil Uzi Vert
64%
Offset
64%
Spaceship Sheck Wes
62%
OUTERSPACE Baby Keem
61%
SoFaygo
56%
If I Had Charlie Wilson
54%
ATTITUDE Charlie Wilson
54%
GloRilla
51%
Let Her Go James Blake
50%
Cash Cobain
49%
Leave the Club Lil Durk
44%
Bus Stop Brent Faiyaz
43%
Slow Motion Wizkid
40%
Cinderella Toro y Moi
36%
Go Down TisaKorean
34%
Kaash Paige
33%
Smoke HVN
30%
No matching quizzes found
Score Distribution
Percent of People with Each Score
Percentile by Number Answered
Your Score History
You have not taken this quiz